Southville International School and Colleges
Your cart is empty.
  • Cart
  • Lists
    Public lists Eva Luna New books Lux_list list_1
    Your lists Log in to create your own lists
  • Log in to your account
  • Your cookies
  • Search history
Southville International School and Colleges
  • Advanced search
  • Recent comments
  • Most popular
  • Libraries

Log in to your account

Log in with GOOGLE


If you do not have an external account, but do have a local account, you can still log in:

  1. Home
  2. MARC view: The media kit :
Normal view MARC view ISBD view

The media kit : (Record no. 344884)

[ view plain ]
MARC details
000 -LEADER
fixed length control field 00709nam a2200253Ia 4500
008 - FIXED-LENGTH DATA ELEMENTS--GENERAL INFORMATION
fixed length control field 171025s9999 xx 000 0 und d
020 ## - INTERNATIONAL STANDARD BOOK NUMBER
International Standard Book Number 9789712720086
050 ## - LIBRARY OF CONGRESS CALL NUMBER
Classification number 700
050 ## - LIBRARY OF CONGRESS CALL NUMBER
Item number C355 2008
100 ## - MAIN ENTRY--PERSONAL NAME
Personal name Casul, Melanie
245 #4 - TITLE STATEMENT
Title The media kit :
245 ## - TITLE STATEMENT
Remainder of title a frame-by-frame guide to visual production /
245 ## - TITLE STATEMENT
Statement of responsibility, etc Melanie Casul, Jag Garcia and Michael Kho Lim.
260 ## - PUBLICATION, DISTRIBUTION, ETC. (IMPRINT)
Place of publication, distribution, etc Philippines :
260 ## - PUBLICATION, DISTRIBUTION, ETC. (IMPRINT)
Name of publisher, distributor, etc Anvil Publishing,
260 ## - PUBLICATION, DISTRIBUTION, ETC. (IMPRINT)
Date of publication, distribution, etc 2008
300 ## - PHYSICAL DESCRIPTION
Extent 270 pages :
300 ## - PHYSICAL DESCRIPTION
Other physical details illustrations ;
300 ## - PHYSICAL DESCRIPTION
Dimensions 22cm.
500 ## - GENERAL NOTE
General note Includes appendix and bibliographic reference.
650 ## - SUBJECT ADDED ENTRY--TOPICAL TERM
Topical term or geographic name as entry element Fine and decorative arts.
700 ## - ADDED ENTRY--PERSONAL NAME
Personal name Garcia, Jag.
700 ## - ADDED ENTRY--PERSONAL NAME
Personal name Lim, Michael Kho.
Holdings
Withdrawn status Lost status Damaged status Home library Current library Date acquired Total Checkouts Full call number Barcode Date last seen Price effective from Koha item type
      Stonyhurst Southville International School (Malarayat) Stonyhurst Southville International School (Malarayat) 10/25/2017   SHS 700 C355 2008 SSISM3937 10/25/2017 10/25/2017 Books

The media kit :

APA

Casul M., Garcia J. & Lim M. K.The media kit. Philippines: .

Chicago

Casul Melanie, Garcia Jag and Lim Michael Kho.The media kit. Philippines: .

Harvard

Casul M., Garcia J. and Lim M. K.The media kit. Philippines: .

MLA

Casul Melanie, Garcia Jag and Lim Michael Kho.Philippines: . .

  • Place hold
  • Print
  • Cite
  • Add to your cart (remove)
  • Save record
    BIBTEX Dublin Core MARCXML MARC (non-Unicode/MARC-8) MARC (Unicode/UTF-8) MARC (Unicode/UTF-8, Standard) MODS (XML) RIS
  • More searches
    Search for this title in:
    Other Libraries (WorldCat) Other Databases (Google Scholar) Online Stores (Bookfinder.com) Open Library (openlibrary.org)

Exporting to Dublin Core...

SOUTHVILLE LIBRARY

Southville International School and Colleges Library

1281 Tropical Ave. Cor. Luxembourg St., BF Homes International, Las Pinas City

Tel. No. 8256374 / 252358 Loc. 117/146

Powered by Koha